000 00266nam a2200121Ia 4500
008 221030s9999 xx 000 0 und d
041 _aEnglish
100 _aS. Pankaj
245 0 _aElectronic Governance
_cby S. Pankaj
260 _c0
650 _aMb
942 _cBK
999 _c14064
_d14064